[Event "SVK-chT2D 2223"]
[Site "Slovakia"]
[Date "2022.10.08"]
[Round "1.7"]
[White "Davidovic, Miroslav"]
[Black "Polovka, Milan"]
[Result "1/2-1/2"]
[WhiteElo "1790"]
[BlackElo "1751"]
[PlyCount "144"]
[EventDate "2022.10.08"]
[EventType "team-tourn"]
[EventRounds "11"]
[EventCountry "SVK"]
[SourceTitle "EXT 2024"]
[Source "ChessBase"]
[SourceDate "2023.10.10"]
[SourceVersion "1"]
[SourceVersionDate "2023.10.10"]
[SourceQuality "1"]
[WhiteTeam "Kosice 1 CC"]
[BlackTeam "Spisska Nova Ves"]
[WhiteTeamCountry "SVK"]
[BlackTeamCountry "SVK"]

1. e4 d6 2. d4 Nf6 3. Nc3 g6 4. Nf3 Bg7 5. Bc4 0-0 6. 0-0 Bg4 7. h3 Bxf3 8. Qxf3 Nc6 9. Be3 Nd7 10. Rad1 e5 11. d5 Na5 12. Bd3 b6 13. Ba6 Qb8 14. b4 Nb7 15. Bb5 Qc8 16. Bc6 a6 17. Qg4 f5 18. exf5 Rxf5 19. Ne4 Rb8 20. Qh4 Nd8 21. g4 Rf8 22. Ba4 b5 23. Bb3 Nf7 24. a3 Re8 25. Rc1 Qd8 26. Qxd8 Rbxd8 27. c4 Ra8 28. c5 Nf6 29. Nxf6+ Bxf6 30. cxd6 cxd6 31. Rc6 Be7 32. Rfc1 Bf8 33. Kg2 Kg7 34. Rc7 h6 35. R1c6 g5 36. Rb7 Re7 37. Rcc7 Rxc7 38. Rxc7 Kf6 39. Bb6 Nd8 40. Bc2 Rb8 41. Be3 Rb7 42. Rc8 Be7 43. Bf5 h5 44. Ra8 hxg4 45. hxg4 Nf7 46. Rxa6 Nh6 47. Be6 Nf7 48. Rb6 Ra7 49. Rxb5 Rxa3 50. Ra5 Rb3 51. Rb5 Nd8 52. Bf5 Nf7 53. Rb7 Nh6 54. Be6 Bd8 55. b5 Ba5 56. b6 Bb4 57. Rc7 Bc5 58. Bxc5 dxc5 59. b7 c4 60. Rxc4 Rxb7 61. Bc8 Rb2 62. Rc6+ Kg7 63. d6 Nf7 64. d7 Rd2 65. Re6 Rd5 66. Kf3 Kf8 67. Ke4 Rd4+ 68. Ke3 Rd5 69. f3 Kg7 70. Ke4 Rd4+ 71. Ke3 Rd5 72. Ke4 Rd4+ 1/2-1/2

[Event "SVK-chT2D 2122"]
[Site "Slovakia"]
[Date "2022.03.06"]
[Round "7.7"]
[White "Polovka, Milan"]
[Black "Drozdik, Ivan"]
[Result "1-0"]
[WhiteElo "1751"]
[BlackElo "1912"]
[PlyCount "83"]
[EventDate "2021.10.16"]
[EventType "team-tourn"]
[EventRounds "11"]
[EventCountry "SVK"]
[SourceTitle "EXT 2023"]
[Source "ChessBase"]
[SourceDate "2022.10.05"]
[SourceVersion "1"]
[SourceVersionDate "2022.10.05"]
[SourceQuality "1"]
[WhiteTeam "Spisska Nova Ves"]
[BlackTeam "Poprad LS VD"]
[WhiteTeamCountry "SVK"]
[BlackTeamCountry "SVK"]

1. e4 d6 2. d4 Nf6 3. Nc3 g6 4. Bf4 Bg7 5. Nf3 0-0 6. Qd2 c6 7. Rd1 b5 8. a3 Bb7 9. Be2 Nbd7 10. e5 Ne8 11. 0-0 Qc7 12. Qe3 e6 13. Rfe1 a6 14. exd6 Qd8 15. Ne4 Ndf6 16. Nxf6+ Nxf6 17. c4 bxc4 18. Bxc4 Ne8 19. Qb3 Bc8 20. Qb4 Nf6 21. Bg3 a5 22. Qc5 Bb7 23. Ne5 Rc8 24. Qa7 Ba8 25. Nd3 Nd5 26. d7 Rc7 27. Bxc7 Nxc7 28. Nc5 Nb5 29. Bxb5 cxb5 30. Rxe6 Qg5 31. Qxa8 fxe6 32. Qe4 Qh5 33. Re1 Bf6 34. Qxe6+ Kg7 35. Nb7 Qh4 36. Qe4 Qg5 37. Nc5 Qd2 38. Ne6+ Kf7 39. Nxf8 Kxf8 40. Qe3 Qxb2 41. Qe8+ Kg7 42. d8Q 1-0

[Event "SVK-chT2D 2122"]
[Site "Slovakia"]
[Date "2022.03.05"]
[Round "6.7"]
[White "Fenda, Zdenek"]
[Black "Polovka, Milan"]
[Result "1-0"]
[WhiteElo "1863"]
[BlackElo "1751"]
[PlyCount "101"]
[EventDate "2021.10.16"]
[EventType "team-tourn"]
[EventRounds "11"]
[EventCountry "SVK"]
[SourceTitle "EXT 2023"]
[Source "ChessBase"]
[SourceDate "2022.10.05"]
[SourceVersion "1"]
[SourceVersionDate "2022.10.05"]
[SourceQuality "1"]
[WhiteTeam "Margecany"]
[BlackTeam "Spisska Nova Ves"]
[WhiteTeamCountry "SVK"]
[BlackTeamCountry "SVK"]

1. e4 d6 2. Bc4 Nf6 3. d3 g6 4. Nc3 Bg7 5. Nf3 0-0 6. Bg5 c6 7. Qd2 b5 8. Bb3 b4 9. Nd1 a5 10. a3 Na6 11. axb4 axb4 12. Bc4 c5 13. Bh6 e6 14. Bxg7 Kxg7 15. 0-0 Bb7 16. Qg5 h6 17. Qh4 Nc7 18. Ne3 d5 19. exd5 Ncxd5 20. Ng4 Nxg4 21. Qxg4 Nf6 22. Qf4 Nd5 23. Qe5+ Qf6 24. Qxf6+ Kxf6 25. Nd2 Ke7 26. Ne4 Rfc8 27. Rxa8 Bxa8 28. Ra1 Nf6 29. Nxc5 Bxg2 30. Ra7+ Ke8 31. Nxe6 fxe6 32. Kxg2 Nd5 33. Kf3 Rc5 34. Rb7 Nc7 35. Rxb4 Ke7 36. Rb7 Kf6 37. b4 Rf5+ 38. Ke3 Re5+ 39. Kd2 Ne8 40. Rb5 Nd6 41. Rxe5 Kxe5 42. Ba6 Ne8 43. c4 Nc7 44. Bc8 Kd4 45. b5 Kc5 46. Ke3 Ne8 47. Bxe6 Nc7 48. Bf7 g5 49. Ke4 Na8 50. Ke5 Nb6 51. d4+ 1-0

[Event "SVK-chT2D 1617"]
[Site "Slovakia"]
[Date "2016.10.08"]
[Round "1.7"]
[White "Polovka, Milan"]
[Black "Ondo, Tomas"]
[Result "0-1"]
[WhiteElo "1786"]
[BlackElo "1865"]
[PlyCount "112"]
[EventDate "2016.10.08"]
[EventType "team-tourn"]
[EventRounds "11"]
[EventCountry "SVK"]
[SourceTitle "EXT 2018"]
[Source "ChessBase"]
[SourceDate "2017.10.13"]
[SourceVersion "1"]
[SourceVersionDate "2017.10.13"]
[SourceQuality "1"]
[WhiteTeam "Spisska Nova Ves"]
[BlackTeam "Humenne Reinter II"]
[WhiteTeamCountry "SVK"]
[BlackTeamCountry "SVK"]

1. e4 e5 2. Nf3 Nc6 3. Bc4 Nf6 4. Ng5 d5 5. exd5 Nd4 6. Nc3 Bg4 7. f3 Bf5 8. d3 a6 9. a4 Bg6 10. 0-0 Be7 11. Nge4 Nd7 12. Be3 Nb6 13. Bxd4 exd4 14. Ne2 Nxd5 15. Bxd5 Qxd5 16. Nf4 Qd7 17. Nxg6 hxg6 18. Re1 0-0-0 19. Qd2 Rh5 20. Qe2 Bd6 21. h3 Bf4 22. Nf2 Be3 23. Kf1 f5 24. Nd1 Re8 25. c3 c5 26. cxd4 cxd4 27. Nxe3 dxe3 28. Rac1+ Kb8 29. Rc4 Qd6 30. f4 b5 31. axb5 axb5 32. Rc3 Qxf4+ 33. Kg1 Qg3 34. d4 f4 35. Rc5 Rxc5 36. dxc5 Kc7 37. Ra1 Qf2+ 38. Qxf2 exf2+ 39. Kxf2 Kc6 40. Ra6+ Kxc5 41. Rxg6 Re7 42. Kf3 Rf7 43. h4 Kc4 44. Re6 b4 45. Re4+ Kb3 46. Ke2 Rf6 47. Rd4 Rb6 48. Rd2 Rh6 49. Kf3 Rxh4 50. Rd4 g5 51. Rd2 Ka2 52. g4 fxg3 53. Kxg3 Rc4 54. Kf2 b3 55. Ke3 Rc2 56. Rd5 Kxb2 0-1

[Event "SVK-chT2D 14/15"]
[Site "Slovakia"]
[Date "2015.02.14"]
[Round "8.8"]
[White "Simko, Ladislav"]
[Black "Polovka, Milan"]
[Result "0-1"]
[WhiteElo "1128"]
[BlackElo "1887"]
[PlyCount "78"]
[EventDate "2014.10.11"]
[EventType "team-tourn"]
[EventRounds "11"]
[EventCountry "SVK"]
[SourceTitle "EXT 2019"]
[Source "ChessBase"]
[SourceDate "2018.10.10"]
[SourceVersion "1"]
[SourceVersionDate "2018.10.10"]
[SourceQuality "1"]
[WhiteTeam "Moldava nad Bodvou"]
[BlackTeam "Spisska Nova Ves"]
[WhiteTeamCountry "SVK"]
[BlackTeamCountry "SVK"]

1. e4 d6 2. Nf3 Nf6 3. Nc3 g6 4. d4 Bg7 5. Bc4 0-0 6. Qe2 c6 7. e5 dxe5 8. dxe5 Nd5 9. Bd2 Nxc3 10. Bxc3 e6 11. 0-0 Nd7 12. Rfe1 Qc7 13. Ng5 Nb6 14. Bb3 Nd5 15. Bxd5 cxd5 16. Bb4 Re8 17. Bd6 Qd7 18. c4 f6 19. Nf3 dxc4 20. Qxc4 b5 21. Qb4 Bb7 22. Red1 Bxf3 23. gxf3 Qb7 24. f4 a6 25. Rac1 Rac8 26. Rc5 Qf3 27. Rdc1 Qg4+ 28. Kf1 Rxc5 29. Rxc5 fxe5 30. Bxe5 Bf8 31. Qd4 Bxc5 32. Qxc5 Rd8 33. Bc3 Qxf4 34. Qe7 Rd1+ 35. Be1 Qc4+ 36. Kg2 Rxe1 37. Qe8+ Kg7 38. Qe7+ Kh6 39. Qf8+ Kh5 0-1

[Event "SVK-chT2D 1314"]
[Site "Slovakia"]
[Date "2013.10.19"]
[Round "1.7"]
[White "Bidlen, Anton"]
[Black "Polovka, Milan"]
[Result "0-1"]
[WhiteElo "1916"]
[BlackElo "1844"]
[PlyCount "78"]
[EventDate "2013.10.19"]
[EventType "team-tourn"]
[EventRounds "11"]
[EventCountry "SVK"]
[SourceTitle "EXT 2015"]
[Source "ChessBase"]
[SourceDate "2014.11.20"]
[SourceVersion "1"]
[SourceVersionDate "2014.11.20"]
[SourceQuality "1"]
[WhiteTeam "Humenne II"]
[BlackTeam "Spisska Nova Ves"]
[WhiteTeamCountry "SVK"]
[BlackTeamCountry "SVK"]

1. e4 d6 2. Nf3 g6 3. Bc4 Nf6 4. d3 Bg7 5. 0-0 0-0 6. Bg5 Nc6 7. c3 Bg4 8. Nbd2 Ne5 9. Bxf6 Bxf6 10. d4 Bxf3 11. gxf3 Nxc4 12. Nxc4 b5 13. Ne3 Qd7 14. Kg2 g5 15. f4 e6 16. Rg1 c6 17. Kh1 Kh8 18. Qf3 Bg7 19. Qh3 f5 20. Rg2 fxe4 21. Rag1 Rf6 22. Rxg5 Qf7 23. Ng2 Bh6 24. Rg3 Rg8 25. Nh4 Bxf4 26. Ng6+ Rgxg6 27. Rxg6 Rxg6 28. Qh5 Bh6 29. Rg3 Qf5 30. Qe2 Rxg3 31. hxg3 Qf3+ 32. Qxf3 exf3 33. Kg1 Bc1 34. b3 Bb2 35. c4 bxc4 36. bxc4 Bxd4 37. Kf1 Bc3 38. g4 Kg7 39. a4 Kf6 0-1

[Event "SVK-chT2D 0607"]
[Site "Slovakia"]
[Date "2006.10.15"]
[Round "2.1"]
[White "Polovka, Milan"]
[Black "Berta, Milan"]
[Result "1-0"]
[WhiteElo "1817"]
[BlackElo "1669"]
[PlyCount "45"]
[EventDate "2006.10.14"]
[EventType "team-tourn"]
[EventRounds "11"]
[EventCountry "SVK"]
[SourceTitle "EXT 2008"]
[Source "ChessBase"]
[SourceDate "2007.11.25"]
[SourceVersion "1"]
[SourceVersionDate "2007.11.25"]
[SourceQuality "1"]
[WhiteTeam "Spisska Nova Ves"]
[BlackTeam "Velke Kapusany Energetik"]
[WhiteTeamCountry "SVK"]
[BlackTeamCountry "SVK"]

1. e4 e5 2. Nf3 Nc6 3. Bc4 Bc5 4. c3 d6 5. d4 exd4 6. cxd4 Bb6 7. Be3 Bg4 8. h3 Bh5 9. 0-0 Qf6 10. g4 Qg6 11. Ng5 Nh6 12. gxh5 Qf6 13. f4 Nxd4 14. Nc3 c6 15. Rb1 a6 16. Nf3 Nxf3+ 17. Qxf3 Bc7 18. Rbd1 c5 19. e5 dxe5 20. Nd5 Qd6 21. fxe5 Qxe5 22. Bf4 Qxf4 23. Nxf4 1-0